000 00272nam a22001337a 4500
008 170930b xxu||||| |||| 00| 0 eng d
020 _a9780471737650
041 _aeng
080 _a37
100 _a47
101 _aEDU
245 _aPAROLES
_cMAGNAN
942 _2udc
_cBK
999 _c31021
_d31021